[Event "BL 1819 SC Viernheim - MSA Zugzwang"]
[Site "?"]
[Date "2018.11.11"]
[Round "2.4"]
[White "Maze, Sebastien"]
[Black "Bromberger, Stefan"]
[Result "0-1"]
[WhiteElo "2602"]
[BlackElo "2474"]
[PlyCount "98"]
[EventDate "2018.??.??"]

1. e4 e5 2. Nf3 Nc6 3. Bc4 Nf6 4. d3 Be7 5. O-O O-O 6. Nc3 d6 7. a3 h6 8. Re1
Re8 9. h3 Bf8 10. b4 a6 11. Bb3 Be6 12. Nd5 Nb8 13. c4 Nbd7 14. Bb2 b5 15. Rc1
c6 16. Nxf6+ Nxf6 17. d4 bxc4 18. dxe5 Nxe4 19. Bxc4 d5 20. Bd3 c5 21. bxc5
Nxc5 22. Nd4 Qg5 23. Re3 Rab8 24. Rc2 Bd7 25. Rce2 Nxd3 26. Qxd3 Bxh3 27. Rg3
Qf4 28. Rf3 Qg5 29. Rg3 Bg4 30. f3 Rxb2 31. Rxg4 Qc1+ 32. Kh2 h5 33. Rxb2 hxg4
34. Qd2 Qxd2 35. Rxd2 Rxe5 36. fxg4 Bxa3 37. Nf3 Re6 38. Rxd5 Rd6 39. Re5 Rd8
40. Ra5 Bd6+ 41. Kh3 Ra8 42. Nd4 Bc7 43. Ra4 a5 44. g5 g6 45. Nc6 Kg7 46. Kg4
Ra6 47. Nd4 Rb6 48. Kf3 Be5 49. Nc2 Rb5 0-1

[Event "BL 1819 SC Viernheim - MSA Zugzwang"]
[Site "?"]
[Date "2018.11.11"]
[Round "2.5"]
[White "Raykhman, Alexander"]
[Black "Fedorchuk, Sergey A"]
[Result "0-1"]
[WhiteElo "2387"]
[BlackElo "2611"]
[PlyCount "90"]
[EventDate "2018.??.??"]

1. d4 Nf6 2. c4 e6 3. Nf3 b6 4. g3 Ba6 5. Nbd2 Bb7 6. Bg2 c5 7. e4 cxd4 8. O-O
d6 9. Nxd4 a6 10. Re1 Qc7 11. b3 Be7 12. Bb2 O-O 13. Rc1 Nbd7 14. Nb1 Rac8 15.
Nc3 Rfe8 16. h3 Qb8 17. Kh2 Qa8 18. Rc2 Nf8 19. f4 N6d7 20. Rce2 Qb8 21. Qd2
Ba8 22. Rd1 Nc5 23. Kh1 Red8 24. Qe1 Bf6 25. Qf2 Ng6 26. h4 Nf8 27. h5 h6 28.
Ree1 Re8 29. Kg1 Ncd7 30. Re2 Red8 31. Ree1 Be7 32. Bf3 Nh7 33. Kh2 Bf8 34. Kg1
Nhf6 35. Re3 Re8 36. Kh1 b5 37. cxb5 axb5 38. Ndxb5 d5 39. e5 d4 40. Rxd4 Ng4
41. Qe2 Nxe3 42. Rxd7 Nf5 43. Kh2 Bxf3 44. Qxf3 Red8 45. Rxd8 Rxd8 0-1

[Event "BL 1819 SC Viernheim - MSA Zugzwang"]
[Site "?"]
[Date "2018.11.11"]
[Round "2.6"]
[White "Tarlev, Konstantin"]
[Black "Hoffmeyer, Falk"]
[Result "0-1"]
[WhiteElo "2557"]
[BlackElo "2337"]
[PlyCount "42"]
[EventDate "2018.??.??"]

1. e4 c6 2. d4 d5 3. e5 c5 4. dxc5 e6 5. Be3 Nd7 6. Bb5 Ne7 7. c3 Nc6 8. b4
Ndxe5 9. Nd2 Be7 10. f4 Ng6 11. Ne2 O-O 12. O-O a5 13. a3 Bf6 14. Nd4 Qc7 15.
Rb1 axb4 16. axb4 e5 17. fxe5 Ncxe5 18. Kh1 Bd7 19. Qb3 Ng4 20. Bf4 Nxf4 21.
Bxd7 Ne6 0-1

[Event "BL 1819 SC Viernheim - MSA Zugzwang"]
[Site "?"]
[Date "2018.11.11"]
[Round "2.7"]
[White "Eichler, Christoph"]
[Black "Beikert, Guenther"]
[Result "1/2-1/2"]
[WhiteElo "2315"]
[BlackElo "2403"]
[PlyCount "53"]
[EventDate "2018.??.??"]

1. d4 Nf6 2. Nf3 e6 3. e3 c5 4. c4 d5 5. a3 a6 6. dxc5 Bxc5 7. b4 Ba7 8. Bb2
O-O 9. Nbd2 Nc6 10. Be2 Qe7 11. O-O Rd8 12. Qb3 dxc4 13. Nxc4 b5 14. Nce5 Bb7
15. Rac1 Rac8 16. Rfd1 Nxe5 17. Bxe5 Ne4 18. a4 Rxc1 19. Rxc1 Nd2 20. Nxd2 Rxd2
21. Bf1 f6 22. Bg3 Rd5 23. axb5 axb5 24. Rc7 Rd7 25. Rc1 Rd5 26. Rc7 Rd7 27.
Rc1 1/2-1/2

[Event "BL 1819 SC Viernheim - MSA Zugzwang"]
[Site "?"]
[Date "2018.11.11"]
[Round "2.8"]
[White "Meinhardt, Maximilian"]
[Black "Lammers, Markus"]
[Result "1/2-1/2"]
[WhiteElo "2403"]
[BlackElo "2298"]
[PlyCount "67"]
[EventDate "2018.??.??"]

1. e4 e5 2. Nf3 Nf6 3. Nxe5 d6 4. Nf3 Nxe4 5. Nc3 Nxc3 6. dxc3 Be7 7. Bf4 Nc6
8. Qd2 Be6 9. O-O-O Qd7 10. Kb1 O-O-O 11. Bb5 a6 12. Ba4 b5 13. Bb3 Bf6 14. Bg5
Bxg5 15. Qxg5 Bxb3 16. axb3 f6 17. Qd5 Rhe8 18. Nd4 Kb7 19. f4 Kb6 20. Nf5 g6
21. Nd4 f5 22. Nf3 Qe6 23. c4 Qe4 24. Ng5 Qe3 25. Rhf1 Nb4 26. Qd2 Qxd2 27.
Rxd2 Re7 28. c3 Nc6 29. cxb5 axb5 30. b4 Rde8 31. Kc2 h6 32. Nf3 Re4 33. g3
R8e6 34. Kd1 1/2-1/2

[Event "BL 1819 SV Hockenheim - BCA Augsburg"]
[Site "?"]
[Date "2018.11.11"]
[Round "2.9"]
[White "Prusikin, Michael"]
[Black "Fedoseev, Vladimir"]
[Result "0-1"]
[WhiteElo "2510"]
[BlackElo "2714"]
[PlyCount "106"]
[EventDate "2018.??.??"]

1. d4 Nf6 2. c4 e6 3. Nc3 Bb4 4. e3 O-O 5. Bd3 b6 6. Nge2 d5 7. a3 Be7 8. cxd5
exd5 9. b4 a6 10. O-O Re8 11. Kh1 Nbd7 12. f3 c5 13. bxc5 bxc5 14. e4 dxe4 15.
Nxe4 cxd4 16. Nxd4 Bb7 17. Ng3 Nc5 18. Bc2 Nd5 19. Qd2 Bf6 20. Nh5 Ne3 21.
Nxf6+ Qxf6 22. Qxe3 Rxe3 23. Bxe3 g6 24. Rab1 Bd5 25. Rfd1 Re8 26. Bf2 Rc8 27.
h3 h5 28. Rd2 Ne6 29. Nxe6 Bxe6 30. Be4 a5 31. a4 Kh7 32. Be1 Rc4 33. Rd3 Rxe4
34. Bc3 Re5 35. Re3 Qf5 36. Rb8 f6 37. Bxe5 fxe5 38. Rb5 Qc2 39. Rexe5 Bc4 40.
Rxa5 Bf1 41. Rg5 Kh6 42. Rae5 Qxa4 43. Re1 Kxg5 44. Rxf1 Kf4 45. Kh2 Qb4 46.
g3+ Ke3 47. f4 Ke2 48. Kg2 Qc5 49. f5 Qd5+ 50. Kg1 Qd4+ 51. Kg2 Qe4+ 52. Kg1
Qe3+ 53. Kg2 gxf5 0-1

[Event "BL 1819 SV Hockenheim - BCA Augsburg"]
[Site "?"]
[Date "2018.11.11"]
[Round "2.10"]
[White "Moiseenko, Alexander"]
[Black "Arnaudov, G. Petar"]
[Result "1-0"]
[WhiteElo "2648"]
[BlackElo "2459"]
[PlyCount "85"]
[EventDate "2018.??.??"]

1. d4 d5 2. c4 e6 3. Nc3 Nf6 4. cxd5 exd5 5. Bg5 Be7 6. e3 c6 7. Qc2 Nbd7 8.
Bd3 Nh5 9. Bxe7 Qxe7 10. O-O-O Nb6 11. Kb1 g6 12. Nge2 Ng7 13. e4 dxe4 14. Bxe4
O-O 15. h4 Bf5 16. Bxf5 Nxf5 17. h5 Rad8 18. g4 Nd6 19. Ng3 Rfe8 20. f4 Nd5 21.
Nxd5 cxd5 22. hxg6 fxg6 23. f5 Ne4 24. Qh2 Nxg3 25. Qxg3 Qg7 26. Qh4 gxf5 27.
gxf5 Qf7 28. Rdg1+ Kh8 29. f6 Re4 30. Qh6 Rg8 31. Rxg8+ Qxg8 32. Rf1 Re6 33. a3
Qf7 34. Ka2 Rc6 35. Qf4 Rc8 36. Qd6 Rf8 37. Rf5 a6 38. Kb3 Kg8 39. a4 Kh8 40.
a5 Kg8 41. Kb4 Kh8 42. Qe7 Kg8 43. Kc5 1-0

[Event "BL 1819 SV Hockenheim - BCA Augsburg"]
[Site "?"]
[Date "2018.11.11"]
[Round "2.11"]
[White "Nestorovic, Nikola"]
[Black "Braun, Arik"]
[Result "1/2-1/2"]
[WhiteElo "2455"]
[BlackElo "2605"]
[PlyCount "49"]
[EventDate "2018.??.??"]

1. e4 g6 2. d4 Bg7 3. Nc3 d6 4. Be3 a6 5. a4 b6 6. h3 e6 7. Nf3 Ne7 8. Qd2 h6
9. g4 Nd7 10. Bg2 Bb7 11. O-O Qb8 12. Bf4 Qa7 13. a5 b5 14. b4 Rd8 15. Rad1 Qa8
16. Rfe1 h5 17. Bg3 hxg4 18. hxg4 Nf6 19. Qf4 Nd7 20. Ng5 Rf8 21. Nh7 Rh8 22.
Ng5 Rf8 23. Nh7 Rh8 24. Ng5 Rf8 25. Nh7 1/2-1/2

[Event "BL 1819 SV Hockenheim - BCA Augsburg"]
[Site "?"]
[Date "2018.11.11"]
[Round "2.12"]
[White "Baramidze, David"]
[Black "Pitl, Gregory"]
[Result "1-0"]
[WhiteElo "2614"]
[BlackElo "2387"]
[PlyCount "63"]
[EventDate "2018.??.??"]

1. e4 c6 2. Nc3 d5 3. Nf3 Bg4 4. h3 Bxf3 5. Qxf3 Nf6 6. d3 e6 7. Bd2 Qb6 8.
O-O-O d4 9. Ne2 Na6 10. Kb1 Nc7 11. c4 Bd6 12. h4 Nd7 13. h5 e5 14. g3 Rf8 15.
Bh3 Nc5 16. Nc1 N7e6 17. Qg4 a5 18. Kc2 Qa6 19. f4 b5 20. f5 Nc7 21. Nb3 Nxd3
22. c5 Nxc5 23. Nxc5 Bxc5 24. f6 Ne6 25. fxg7 Rg8 26. h6 b4 27. Qf3 b3+ 28. Kb1
bxa2+ 29. Ka1 Qb7 30. Bxe6 fxe6 31. Qh5+ Qf7 32. Qxe5 1-0

[Event "BL 1819 SV Hockenheim - BCA Augsburg"]
[Site "?"]
[Date "2018.11.11"]
[Round "2.13"]
[White "Schmittdiel, Eckhard"]
[Black "Buhmann, Rainer"]
[Result "0-1"]
[WhiteElo "2436"]
[BlackElo "2574"]
[PlyCount "106"]
[EventDate "2018.??.??"]

1. e4 e5 2. Nf3 Nc6 3. Bc4 Nf6 4. d3 Bc5 5. c3 a6 6. b4 Ba7 7. a4 d6 8. h3 h6
9. O-O g5 10. Nh2 g4 11. Kh1 gxh3 12. g3 Qe7 13. Qe2 Be6 14. Bxe6 fxe6 15. b5
Na5 16. Nd2 h5 17. Rb1 axb5 18. axb5 Rg8 19. Ndf3 Ng4 20. Bd2 Qg7 21. Ng5 Nxf2+
22. Rxf2 Bxf2 23. Qxf2 Kd7 24. Qf1 Qe7 25. Nhf3 Rg6 26. Qxh3 Rag8 27. Qxh5 Qf6
28. Kg2 b6 29. Qg4 Kc8 30. Rf1 Qe7 31. d4 Nc4 32. Bc1 exd4 33. cxd4 Kb8 34. Rf2
Qe8 35. Kh3 Qxb5 36. Nh4 Rxg5 37. Bxg5 Rxg5 38. Qxe6 Rg7 39. Rf5 Qb1 40. Rf8+
Ka7 41. Ng6 Qh1+ 42. Kg4 Qd1+ 43. Kg5 Qd2+ 44. Rf4 Qxd4 45. Kh6 b5 46. g4 Rxg6+
47. Kxg6 Ne5+ 48. Kf5 Qe3 49. Qa2+ Kb7 50. Qd5+ Kb6 51. Qg8 Nc6 52. Qf7 Nd4+
53. Kg5 Ne2 0-1

[Event "BL 1819 SV Hockenheim - BCA Augsburg"]
[Site "?"]
[Date "2018.11.11"]
[Round "2.14"]
[White "Wagner, Dennis"]
[Black "Kukov, Velislav"]
[Result "1-0"]
[WhiteElo "2576"]
[BlackElo "2362"]
[PlyCount "97"]
[EventDate "2018.??.??"]

1. d4 f5 2. g3 Nf6 3. Bg2 e6 4. Nf3 Be7 5. c4 O-O 6. O-O d6 7. Nc3 Qe8 8. b3 a5
9. Bb2 Nc6 10. Re1 Ne4 11. Nxe4 fxe4 12. Nd2 e3 13. fxe3 Bg5 14. Nf3 Bxe3+ 15.
Kh1 e5 16. dxe5 Bf5 17. exd6 Nb4 18. dxc7 Qe7 19. Nd4 Be4 20. Bxe4 Qxe4+ 21.
Nf3 Rac8 22. Be5 Nc6 23. Bd6 Rf6 24. Bf4 Bxf4 25. gxf4 Qxf4 26. Qd5+ Kh8 27.
Ng5 Rf5 28. Qe6 Rxc7 29. Rf1 Qxf1+ 30. Rxf1 Rxf1+ 31. Kg2 Rf8 32. Qh3 h6 33.
Ne6 Rff7 34. Nxc7 Rxc7 35. Qh5 Re7 36. Kf2 Ne5 37. Qh4 Nc6 38. e3 Kg8 39. Ke2
Kf8 40. a3 Ke8 41. Qh5+ Kd7 42. Qd5+ Kc8 43. c5 Ne5 44. b4 axb4 45. axb4 h5 46.
h3 Re8 47. b5 Re7 48. Qd6 Re8 49. b6 1-0

[Event "BL 1819 SV Hockenheim - BCA Augsburg"]
[Site "?"]
[Date "2018.11.11"]
[Round "2.15"]
[White "Lipok, Christoph"]
[Black "Banusz, Tamas"]
[Result "0-1"]
[WhiteElo "2287"]
[BlackElo "2606"]
[PlyCount "114"]
[EventDate "2018.??.??"]

1. d4 d5 2. c4 c6 3. Nf3 Nf6 4. e3 Bf5 5. Nc3 e6 6. Nh4 Bg6 7. Nxg6 hxg6 8. Bd3
Nbd7 9. O-O Bd6 10. h3 Bc7 11. Rb1 dxc4 12. Bxc4 Nb6 13. Be2 Qd6 14. f4 g5 15.
e4 Nh7 16. e5 Qe7 17. b4 gxf4 18. b5 Rd8 19. Bxf4 c5 20. Ne4 cxd4 21. Nd6+ Bxd6
22. exd6 Rxd6 23. Bxd6 Qxd6 24. Bf3 Ng5 25. Rb3 Nc4 26. Bxb7 Qc5 27. Bc6+ Ke7
28. Kh1 Na5 29. Rd3 Nxc6 30. bxc6 e5 31. Qg4 Ne6 32. Qf5 f6 33. Rb1 Qxc6 34.
Rdb3 Rd8 35. Rb7+ Rd7 36. Rb8 Nf4 37. Qg4 Kd6 38. Rf1 Qe4 39. Rb4 g5 40. Kh2
Qd5 41. Rb2 Qe6 42. Qf3 Ke7 43. Qa3+ Qd6 44. Qb3 Nd5 45. Kh1 e4 46. Re2 Qe5 47.
Rfe1 e3 48. Qa3+ Kf7 49. Rd1 Nb6 50. Qd3 f5 51. a4 Kg7 52. Qa3 Qe4 53. a5 Nd5
54. Qa4 Nf6 55. Kg1 f4 56. Qb5 d3 57. Qxg5+ Kf7 0-1

[Event "BL 1819 SV Hockenheim - BCA Augsburg"]
[Site "?"]
[Date "2018.11.11"]
[Round "2.16"]
[White "Dobrikov, Marco"]
[Black "Mueller, Werner"]
[Result "1-0"]
[WhiteElo "2231"]
[BlackElo "2089"]
[PlyCount "65"]
[EventDate "2018.??.??"]

1. e4 d6 2. d4 Nf6 3. Nc3 g6 4. Be3 Bg7 5. Qd2 c6 6. Bh6 Bxh6 7. Qxh6 Qa5 8.
Bd3 Na6 9. Nf3 Nb4 10. O-O Nxd3 11. cxd3 Qh5 12. Qf4 Qg4 13. Qe3 Qh5 14. d5 O-O
15. dxc6 bxc6 16. h3 Bd7 17. e5 dxe5 18. Nxe5 Rad8 19. Rfe1 a5 20. Qc5 Rfe8 21.
Qxa5 Bxh3 22. gxh3 Nd5 23. Qa4 Qxh3 24. Nxd5 Rxd5 25. Qg4 Qh6 26. Re3 Red8 27.
Rae1 R8d6 28. Nxf7 Kxf7 29. Rxe7+ Kf6 30. R1e6+ Rxe6 31. Qxe6+ Kg5 32. Qe3+ Kh5
33. Qh3+ 1-0

[Event "BL 1819 SV 1920 Hofheim - USV TU Dresde"]
[Site "?"]
[Date "2018.11.11"]
[Round "2.1"]
[White "Eljanov, Pavel"]
[Black "Schroeder, Jan-Christian"]
[Result "1-0"]
[WhiteElo "2676"]
[BlackElo "2571"]
[PlyCount "119"]
[EventDate "2018.??.??"]

1. Nf3 d5 2. e3 Nf6 3. c4 e6 4. Nc3 b6 5. cxd5 exd5 6. b4 Be7 7. Bb2 a6 8. Qa4+
c6 9. d4 O-O 10. Be2 b5 11. Qb3 a5 12. bxa5 b4 13. Nb1 Qxa5 14. O-O Ba6 15.
Bxa6 Nxa6 16. a3 bxa3 17. Bxa3 c5 18. Nbd2 Qc7 19. Qc3 Rfc8 20. Rfc1 Qb7 21.
Rcb1 Qd7 22. Bxc5 Nxc5 23. Rxa8 Rxa8 24. dxc5 Rc8 25. Ne5 Qe6 26. Nd3 Ne4 27.
Nxe4 dxe4 28. Nf4 Qa2 29. Rb7 Bf8 30. g4 Rxc5 31. Qd4 Rc1+ 32. Kg2 Qa1 33. Qxa1
Rxa1 34. Rb8 Ra4 35. Nh5 f6 36. h4 Rc4 37. Ra8 Rb4 38. Ra7 Rc4 39. Ra6 Kf7 40.
Ra7+ Kg8 41. Rd7 Ra4 42. Nf4 Ra5 43. Nd5 Rc5 44. h5 Rc6 45. Nf4 Bd6 46. Ne6 Bf8
47. Nxf8 Kxf8 48. h6 gxh6 49. Rxh7 Rc1 50. Rxh6 Kf7 51. Rh5 Ke6 52. Ra5 Rc2 53.
Kg3 Rb2 54. Rf5 Ra2 55. Rf4 Ke5 56. Kh4 Ra8 57. Kh5 Rh8+ 58. Kg6 Rg8+ 59. Kh6
Ra8 60. Kg7 1-0

[Event "BL 1819 SV 1920 Hofheim - USV TU Dresde"]
[Site "?"]
[Date "2018.11.11"]
[Round "2.2"]
[White "Perske, Thore"]
[Black "Almasi, Zoltan"]
[Result "0-1"]
[WhiteElo "2448"]
[BlackElo "2682"]
[PlyCount "82"]
[EventDate "2018.??.??"]

1. e4 c5 2. Nf3 e6 3. d4 cxd4 4. Nxd4 a6 5. c4 Nf6 6. Nc3 Qc7 7. Be2 b6 8. O-O
Bb7 9. Qd3 d6 10. f4 Nbd7 11. b4 Be7 12. Bb2 O-O 13. Rac1 Rfe8 14. g4 Nf8 15.
g5 N6d7 16. a3 Qd8 17. h4 e5 18. Nf5 Ng6 19. fxe5 Ngxe5 20. Qd2 Rc8 21. Nd5 Bf8
22. Bd4 g6 23. Nfe3 Bg7 24. Rf2 h6 25. Rg2 hxg5 26. hxg5 Bxd5 27. Nxd5 Rc6 28.
Rf1 Re6 29. Nf4 Re8 30. Nd5 Nxc4 31. Bxc4 Rxc4 32. Nf6+ Nxf6 33. gxf6 Rxe4 34.
Bb2 Bf8 35. Qd5 Rg4 36. Rff2 Qe8 37. Kf1 Qe3 38. Re2 Qh3 39. Ke1 Qh1+ 40. Kd2
Bh6+ 41. Kd3 Qh3+ 0-1

[Event "BL 1819 SV 1920 Hofheim - USV TU Dresde"]
[Site "?"]
[Date "2018.11.11"]
[Round "2.3"]
[White "Nisipeanu, Liviu-Dieter"]
[Black "Savchenko, Stanislav"]
[Result "1-0"]
[WhiteElo "2674"]
[BlackElo "2461"]
[PlyCount "117"]
[EventDate "2018.??.??"]

1. e4 c5 2. Nf3 d6 3. d4 cxd4 4. Nxd4 Nf6 5. Nc3 a6 6. Be3 e5 7. Nf3 Qc7 8. a4
Be6 9. Ng5 Bd7 10. a5 Be7 11. Be2 O-O 12. O-O Nc6 13. Bb6 Qc8 14. Nf3 Be6 15.
Re1 Bd8 16. Qxd6 Bxb6 17. axb6 Rd8 18. Qa3 Nd4 19. Nxd4 exd4 20. e5 Nd7 21. Ne4
Nxe5 22. Qg3 Nd7 23. Bd3 Qb8 24. Ng5 Qxg3 25. Bxh7+ Kf8 26. Nxe6+ fxe6 27. hxg3
Nf6 28. Bd3 Rd6 29. Ra4 Rad8 30. Rb4 Kf7 31. f3 Rc8 32. g4 Rc5 33. b3 a5 34.
Ra4 Nd7 35. Re4 Ne5 36. Rexd4 Rxd4 37. Rxd4 Nxd3 38. cxd3 Ke7 39. Kf2 Rb5 40.
Ra4 Rxb6 41. Rxa5 Rxb3 42. Ke3 Kf6 43. g5+ Ke7 44. Ra8 Rb5 45. f4 Rb2 46. g4
Rg2 47. Kf3 Rd2 48. Ra3 Rd1 49. Rb3 b5 50. Ke4 Re1+ 51. Kd4 Rf1 52. Rxb5 Rxf4+
53. Ke5 Rxg4 54. Rb7+ Kf8 55. Kxe6 Kg8 56. Kf5 Rd4 57. Rb8+ Kf7 58. g6+ Ke7 59.
Rb7+ 1-0

[Event "BL 1819 SV 1920 Hofheim - USV TU Dresde"]
[Site "?"]
[Date "2018.11.11"]
[Round "2.4"]
[White "Ginsburg, Gennadi"]
[Black "Bartel, Mateusz"]
[Result "1/2-1/2"]
[WhiteElo "2418"]
[BlackElo "2600"]
[PlyCount "78"]
[EventDate "2018.??.??"]

1. e4 e6 2. d4 d5 3. Nd2 Be7 4. Ngf3 Nf6 5. exd5 exd5 6. Bd3 Bg4 7. O-O Nc6 8.
c3 Qd6 9. Re1 O-O 10. b4 Rfe8 11. b5 Nd8 12. Qc2 Ne6 13. Ne5 Bh5 14. Nf1 Bg6
15. Ng3 a6 16. Nf5 Bxf5 17. Bxf5 Bf8 18. bxa6 Qxa6 19. a4 g6 20. Bd3 Qa5 21.
Bd2 c6 22. f4 Qc7 23. Be3 Nd7 24. Rf1 Nxe5 25. fxe5 Bg7 26. Qb3 Re7 27. h3 Rf8
28. Rf3 f6 29. exf6 Rxf6 30. Raf1 Ref7 31. Rxf6 Rxf6 32. Rxf6 Bxf6 33. Bf2 Kg7
34. a5 Bd8 35. c4 Qd7 36. cxd5 cxd5 37. a6 bxa6 38. Bxa6 Bf6 39. Qb7 Qxb7
1/2-1/2

[Event "BL 1819 SV 1920 Hofheim - USV TU Dresde"]
[Site "?"]
[Date "2018.11.11"]
[Round "2.5"]
[White "Neef, Maximilian"]
[Black "Womacka, Mathias"]
[Result "1/2-1/2"]
[WhiteElo "2479"]
[BlackElo "2449"]
[PlyCount "55"]
[EventDate "2018.??.??"]

1. Nf3 c5 2. g3 Nc6 3. c4 g6 4. Bg2 Bg7 5. Nc3 e5 6. O-O Nge7 7. a3 O-O 8. d3
d6 9. Rb1 a5 10. Ne1 Be6 11. Nc2 d5 12. cxd5 Nxd5 13. Ne3 Nde7 14. Nc4 Rb8 15.
Bg5 f6 16. Be3 Nd4 17. Ne4 b6 18. a4 Qd7 19. Re1 Kh8 20. Ned6 Nef5 21. Nxf5
Bxf5 22. Bxd4 exd4 23. Qb3 Rfe8 24. Rbd1 Be6 25. Bf3 f5 26. Ra1 Bf6 27. Kg2 Kg7
28. Rac1 1/2-1/2

[Event "BL 1819 SV 1920 Hofheim - USV TU Dresde"]
[Site "?"]
[Date "2018.11.11"]
[Round "2.6"]
[White "Lobzhanidze, Davit"]
[Black "Boensch, Uwe"]
[Result "1/2-1/2"]
[WhiteElo "2428"]
[BlackElo "2553"]
[PlyCount "47"]
[EventDate "2018.??.??"]

1. d4 Nf6 2. Bf4 g6 3. Nc3 Bg7 4. e4 d6 5. Qd2 c6 6. O-O-O b5 7. f3 Nbd7 8. Bh6
Bxh6 9. Qxh6 Qa5 10. Kb1 b4 11. Nce2 c5 12. Nc1 cxd4 13. Rxd4 Qb6 14. Rd1 Ne5
15. Qd2 a5 16. Qd4 Qxd4 17. Rxd4 O-O 18. Nge2 Bd7 19. Nf4 Rfc8 20. Be2 Kg7 21.
Rhd1 g5 22. Nd5 Nxd5 23. Rxd5 Be6 24. R5d4 1/2-1/2

[Event "BL 1819 SV 1920 Hofheim - USV TU Dresde"]
[Site "?"]
[Date "2018.11.11"]
[Round "2.7"]
[White "Maiwald, Jens-Uwe"]
[Black "Gurevich, Vladimir"]
[Result "1/2-1/2"]
[WhiteElo "2443"]
[BlackElo "2469"]
[PlyCount "42"]
[EventDate "2018.??.??"]

1. e4 c5 2. Nc3 e6 3. g3 Nc6 4. Bg2 g6 5. Nge2 Bg7 6. d3 d6 7. O-O Nge7 8. Bg5
O-O 9. Qd2 Rb8 10. Rab1 b6 11. a3 f6 12. Bh6 e5 13. Bxg7 Kxg7 14. b4 Nd4 15. b5
Bg4 16. f3 Be6 17. f4 Qd7 18. a4 Rbd8 19. Rf2 Ng8 20. Nd1 Nh6 21. Ne3 Qc8
1/2-1/2

[Event "BL 1819 SV 1920 Hofheim - USV TU Dresde"]
[Site "?"]
[Date "2018.11.11"]
[Round "2.8"]
[White "Margolin, Boris"]
[Black "Moehn, Hans"]
[Result "1-0"]
[WhiteElo "2386"]
[BlackElo "2371"]
[PlyCount "103"]
[EventDate "2018.??.??"]

1. e4 c5 2. Nf3 e6 3. d4 cxd4 4. Nxd4 a6 5. Nd2 d5 6. Bd3 dxe4 7. Nxe4 Be7 8.
O-O Nf6 9. Ng5 O-O 10. c3 Bd7 11. Qe2 Nc6 12. Ndf3 Qc7 13. Re1 Rfe8 14. Bd2 g6
15. Rad1 Bf8 16. Ne4 Bg7 17. Nxf6+ Bxf6 18. Qe4 Qa5 19. h4 Ne7 20. Bg5 Bc6 21.
Qf4 Nd5 22. Qg3 Bg7 23. h5 Qc7 24. hxg6 hxg6 25. Qh4 b5 26. Nd4 Bb7 27. Be4 Ne7
28. Rd3 Bxe4 29. Rh3 Nf5 30. Qh7+ Kf8 31. Rxe4 Rac8 32. g4 Nxd4 33. Bh6 Bxh6
34. Qxh6+ Ke7 35. Qg5+ Kd7 36. Rxd4+ Kc6 37. Rhd3 Re7 38. a4 e5 39. Rd5 Rce8
40. Qe3 Kb7 41. axb5 e4 42. bxa6+ Ka8 43. R3d4 f5 44. Rd6 Rh7 45. Qg3 Ka7 46.
Rb4 Qa5 47. Qe3+ Ka8 48. Qd4 Reh8 49. Kf1 e3 50. Qxe3 Rh3 51. Qe6 Rf3 52. Rd8+
1-0

[Event "BL 1819 Düsseldorfer SK - SG Turm Kiel"]
[Site "?"]
[Date "2018.11.11"]
[Round "2.1"]
[White "Salgado Lopez, Ivan"]
[Black "Demchenko, Anton"]
[Result "1/2-1/2"]
[WhiteElo "2624"]
[BlackElo "2679"]
[PlyCount "40"]
[EventDate "2018.??.??"]

1. e4 c5 2. Nf3 d6 3. d4 cxd4 4. Nxd4 Nf6 5. Nc3 Nc6 6. Bc4 Qb6 7. Nxc6 bxc6 8.
O-O g6 9. Qe2 Ng4 10. b3 Bg7 11. Bb2 Qa5 12. Qe1 g5 13. Na4 Qxe1 14. Raxe1 Bxb2
15. Nxb2 Ne5 16. Be2 a5 17. f3 Rf8 18. Nd3 Nxd3 19. Bxd3 e5 20. Kf2 Ke7 1/2-1/2

[Event "BL 1819 Düsseldorfer SK - SG Turm Kiel"]
[Site "?"]
[Date "2018.11.11"]
[Round "2.2"]
[White "Alekseev, Evgeny"]
[Black "Khenkin, Igor"]
[Result "1-0"]
[WhiteElo "2620"]
[BlackElo "2546"]
[PlyCount "55"]
[EventDate "2018.??.??"]

1. c4 e5 2. d3 f5 3. a3 Nf6 4. Nc3 d6 5. g3 Be7 6. Bg2 O-O 7. b4 c6 8. Nf3 a6
9. O-O Kh8 10. Bb2 Be6 11. c5 Nbd7 12. cxd6 Bxd6 13. e4 fxe4 14. Nxe4 Nxe4 15.
dxe4 Qe7 16. Bc3 Rad8 17. Qc2 Bc7 18. Rad1 Bg4 19. Rd3 Nf6 20. Ne1 Qe6 21. Ba1
Bh3 22. Nf3 Rxd3 23. Qxd3 Rd8 24. Qe3 Bxg2 25. Kxg2 Qc4 26. Bxe5 Rd3 27. Qe2
Bxe5 28. Rd1 1-0

[Event "BL 1819 Düsseldorfer SK - SG Turm Kiel"]
[Site "?"]
[Date "2018.11.11"]
[Round "2.3"]
[White "Rasmussen, Allan Stig"]
[Black "Berelowitsch, Alexander"]
[Result "1/2-1/2"]
[WhiteElo "2543"]
[BlackElo "2520"]
[PlyCount "84"]
[EventDate "2018.??.??"]

1. e4 e6 2. d4 d5 3. Nc3 Bb4 4. e5 c5 5. a3 Ba5 6. b4 cxd4 7. Qg4 Kf8 8. Nb5
Bb6 9. Nf3 Nc6 10. Bb2 Nge7 11. Nbxd4 h5 12. Qf4 Ng6 13. Nxc6 Nxf4 14. Nxd8
Bxd8 15. g3 Ng6 16. Bd3 Ne7 17. b5 Bd7 18. a4 g6 19. Ke2 Kg7 20. Nd4 a6 21. f4
axb5 22. axb5 Bb6 23. Kf3 Nf5 24. Nb3 Rac8 25. Rhc1 Rc4 26. Bxc4 dxc4 27. Rd1
cxb3 28. Rxd7 bxc2 29. Rc1 Rc8 30. Rd2 Rc5 31. Rcxc2 Rxb5 32. Rd3 Bc5 33. h3 b6
34. g4 hxg4+ 35. hxg4 Ne7 36. Rh2 g5 37. f5 exf5 38. gxf5 Nxf5 39. e6+ Kg6 40.
exf7 Kxf7 41. Bc3 Rb1 42. Ke4 Ke6 1/2-1/2

[Event "BL 1819 Düsseldorfer SK - SG Turm Kiel"]
[Site "?"]
[Date "2018.11.11"]
[Round "2.4"]
[White "Orlov, Andrey"]
[Black "Hector, Jonny"]
[Result "1/2-1/2"]
[WhiteElo "2497"]
[BlackElo "2495"]
[PlyCount "53"]
[EventDate "2018.??.??"]

1. e4 e5 2. Nf3 Nc6 3. Nc3 Nf6 4. d4 exd4 5. Nxd4 Bb4 6. Nxc6 bxc6 7. Bd3 d5 8.
exd5 O-O 9. O-O Bg4 10. f3 Bh5 11. Bg5 cxd5 12. Nxd5 Qxd5 13. Bxf6 Qd6 14. Bh4
Qd4+ 15. Bf2 Qxb2 16. Rb1 Qa3 17. Rb3 Qa4 18. c3 Bd6 19. Rb5 Qxd1 20. Rxd1 Bg6
21. Bxg6 hxg6 22. Bg3 Rfb8 23. a4 Rxb5 24. axb5 Bxg3 25. hxg3 a5 26. bxa6 Rxa6
27. Rd8+ 1/2-1/2

[Event "BL 1819 Düsseldorfer SK - SG Turm Kiel"]
[Site "?"]
[Date "2018.11.11"]
[Round "2.5"]
[White "Hoi, Carsten"]
[Black "Miedema, David"]
[Result "1-0"]
[WhiteElo "2380"]
[BlackElo "2381"]
[PlyCount "125"]
[EventDate "2018.??.??"]

1. d4 Nf6 2. c4 e6 3. Nc3 Bb4 4. e3 O-O 5. Bd3 d5 6. Nge2 dxc4 7. Bxc4 c5 8. a3
Bxc3+ 9. bxc3 e5 10. O-O Nc6 11. Bb2 Na5 12. Bd3 e4 13. Bc2 c4 14. Ng3 Bg4 15.
Qd2 h5 16. f3 exf3 17. gxf3 Bh3 18. Rf2 h4 19. Ne2 Nh5 20. Kh1 Qb6 21. Rg1 f5
22. Bc1 Nb3 23. Bxb3 cxb3 24. Rg5 Nf6 25. Nf4 Bg4 26. Bb2 Nh7 27. Rg6 Rf6 28.
Nd5 Qe6 29. Nxf6+ Nxf6 30. d5 Qe8 31. Rxf6 gxf6 32. fxg4 Qe4+ 33. Kg1 fxg4 34.
Rf4 Qb1+ 35. Qc1 Qg6 36. Qd1 f5 37. c4 h3 38. d6 Rf8 39. Qd5+ Kh7 40. Qxb7+ Rf7
41. Qc8 Kh6 42. Qh8+ Kg5 43. Qd8+ Kh5 44. d7 Qc6 45. Rf2 Qxd7 46. Qxd7 Rxd7 47.
Rxf5+ Kg6 48. Rd5 Rf7 49. Bd4 Rc7 50. c5 Rb7 51. Bb2 Rf7 52. Rd2 Rc7 53. Bd4 a5
54. a4 Rb7 55. Kf2 Rb4 56. Rb2 Rc4 57. Kg3 Kf5 58. Rf2+ Kg5 59. Rb2 Kf5 60.
Rxb3 Rc1 61. Rb2 Rd1 62. c6 Rg1+ 63. Kh4 1-0